[Event "Oberliga Nord O 2324"]
[Site "Germany"]
[Date "2024.04.14"]
[Round "8.4"]
[White "Bashtavy, Anton"]
[Black "Gebert Vangeel, Ralf"]
[Result "1-0"]
[WhiteElo "2315"]
[BlackElo "1980"]
[PlyCount "117"]
[EventDate "2023.10.22"]
[EventType "team-tourn"]
[EventRounds "9"]
[EventCountry "GER"]
[SourceTitle "EXT 2025"]
[Source "ChessBase"]
[SourceDate "2024.10.14"]
[SourceVersion "1"]
[SourceVersionDate "2024.10.14"]
[SourceQuality "1"]
[WhiteTeam "Berlin Weisse Dame"]
[BlackTeam "Guestrow/Teterow"]
[WhiteTeamCountry "GER"]
[BlackTeamCountry "GER"]

1. d4 d5 2. c4 c6 3. Nc3 e6 4. e3 Nd7 5. Qc2 Ngf6 6. Nf3 Be7 7. b3 0-0 8. Bd3 Re8 9. 0-0 Bd6 10. e4 dxe4 11. Nxe4 Nxe4 12. Bxe4 Nf8 13. Bb2 f6 14. Rad1 Qa5 15. d5 cxd5 16. cxd5 e5 17. Nd2 Bg4 18. Rc1 b5 19. Bc3 Qb6 20. h3 Bd7 21. b4 Rac8 22. Qb1 Rc7 23. Nb3 Rc4 24. Na5 Rcc8 25. a3 Re7 26. Bd2 Rf7 27. Rxc8 Bxc8 28. Be3 Qa6 29. Rc1 Bd7 30. Bf5 Bxf5 31. Qxf5 Rc7 32. Rc6 Rxc6 33. dxc6 Bc7 34. Qd3 Qc8 35. Qxb5 Ne6 36. Bxa7 Qd8 37. Qc4 Kf7 38. Nb7 Qd1+ 39. Kh2 e4+ 40. g3 Qf3 41. Qa2 Ke7 42. Qd2 Qd3 43. Be3 Nd4 44. Qxd3 exd3 45. Kg2 Nc2 46. Kf3 Nxa3 47. Nc5 Kd6 48. Bf4+ Kxc6 49. Bxc7 Kxc7 50. Nxd3 Kd6 51. Ke4 Nb5 52. g4 Nc3+ 53. Kf5 Nb5 54. Nf4 Nc7 55. Nh5 Ne8 56. Nxg7 Nxg7+ 57. Kxf6 Ne6 58. b5 Nf4 59. h4 1-0

[Event "Oberliga Nord O 2324"]
[Site "Germany"]
[Date "2024.03.17"]
[Round "7.3"]
[White "Bashtavy, Anton"]
[Black "Bui, Bao Anh Le"]
[Result "1/2-1/2"]
[WhiteElo "2315"]
[BlackElo "2133"]
[PlyCount "84"]
[EventDate "2023.10.22"]
[EventType "team-tourn"]
[EventRounds "9"]
[EventCountry "GER"]
[SourceTitle "EXT 2025"]
[Source "ChessBase"]
[SourceDate "2024.10.14"]
[SourceVersion "1"]
[SourceVersionDate "2024.10.14"]
[SourceQuality "1"]
[WhiteTeam "Berlin Weisse Dame"]
[BlackTeam "Berlin Mattnetz"]
[WhiteTeamCountry "GER"]
[BlackTeamCountry "GER"]

1. d4 d5 2. c4 e6 3. Nc3 Nf6 4. cxd5 exd5 5. Bg5 c6 6. e3 h6 7. Bh4 Be7 8. Bd3 0-0 9. Nge2 Re8 10. 0-0 Nbd7 11. Qc2 Nh5 12. Bxe7 Qxe7 13. Rab1 a5 14. Na4 Ra7 15. a3 b5 16. Nc5 Nxc5 17. dxc5 a4 18. Nd4 Rc7 19. Rfc1 Nf6 20. Nxc6 Rxc6 21. Bxb5 Bd7 22. Qxa4 Rc7 23. b4 Rb8 24. Bxd7 Nxd7 25. Qd1 Qe4 26. Ra1 Ne5 27. Qd4 Qxd4 28. exd4 Nc6 29. Rd1 Re7 30. f3 Re2 31. Kf1 Rc2 32. Rdc1 Rd2 33. Rd1 Rb2 34. Rdb1 Rc2 35. Rc1 Nxd4 36. Rxc2 Nxc2 37. Ra2 Nd4 38. Rd2 Nb5 39. Rxd5 Nxa3 40. c6 Rc8 41. Rc5 Kf8 42. b5 Nxb5 1/2-1/2

[Event "Oberliga Nord O 2324"]
[Site "Germany"]
[Date "2024.02.04"]
[Round "5.4"]
[White "Nitsche Hahn, Raphael"]
[Black "Bashtavy, Anton"]
[Result "1-0"]
[WhiteElo "2129"]
[BlackElo "2315"]
[PlyCount "141"]
[EventDate "2023.10.22"]
[EventType "team-tourn"]
[EventRounds "9"]
[EventCountry "GER"]
[SourceTitle "EXT 2025"]
[Source "ChessBase"]
[SourceDate "2024.10.14"]
[SourceVersion "1"]
[SourceVersionDate "2024.10.14"]
[SourceQuality "1"]
[WhiteTeam "Berlin Empor"]
[BlackTeam "Berlin Weisse Dame"]
[WhiteTeamCountry "GER"]
[BlackTeamCountry "GER"]

1. d4 Nf6 2. Bf4 d5 3. e3 e6 4. Nd2 Bd6 5. Bg3 0-0 6. Bd3 c5 7. c3 Qc7 8. f4 b6 9. Bh4 Nbd7 10. Ngf3 Bb7 11. 0-0 a5 12. Ne5 Ne4 13. Nxe4 dxe4 14. Bb5 Nb8 15. Qg4 f5 16. Qe2 Ba6 17. Bxa6 Nxa6 18. g4 Bxe5 19. fxe5 cxd4 20. exd4 Qc6 21. gxf5 exf5 22. Rad1 Nc7 23. c4 f4 24. d5 Qc5+ 25. Kh1 e3 26. Bg5 b5 27. Rxf4 Rxf4 28. Bxf4 bxc4 29. Bxe3 Qb5 30. b3 Re8 31. Qxc4 Qb7 32. Kg1 Rxe5 33. Bf4 Qb6+ 34. Kf1 Qf6 35. d6+ Ne6 36. d7 Kf8 37. d8Q+ Nxd8 38. Rxd8+ Qxd8 39. Bxe5 Qd1+ 40. Kf2 Qd2+ 41. Qe2 Qd7 42. Bc3 Qc8 43. Qe5 Qh3 44. Qxg7+ Ke8 45. Qe5+ Kd7 46. Qd5+ Kc8 47. Qc6+ Kb8 48. Be5+ Ka7 49. Bd4+ Kb8 50. Qb5+ Kc8 51. Qe8+ Kb7 52. Qe4+ Kc8 53. Be5 Kd7 54. Ke2 Qh5+ 55. Kd2 Qg5+ 56. Kd3 Qc1 57. Qe2 a4 58. Qd2 Qf1+ 59. Kc3+ Ke8 60. Kb4 axb3 61. axb3 h5 62. Qd5 Qe1+ 63. Kb5 Qf1+ 64. Ka5 Qh3 65. b4 h4 66. b5 Qa3+ 67. Kb6 Qa4 68. Kb7 h3 69. b6 Ke7 70. Qd6+ Kf7 71. Qf6+ 1-0